|
|
|
|
| LEADER |
01240nam a2200349 a 4500 |
| 001 |
000675736 |
| 003 |
CZ BrMZK |
| 005 |
20180618083635.0 |
| 007 |
ta |
| 008 |
030630s2003 xr g 000 f cze d |
| 015 |
|
|
|a cnb001200418
|
| 020 |
|
|
|a 80-7303-121-3
|q (váz.)
|
| 035 |
|
|
|a (OCoLC)53490646
|
| 040 |
|
|
|a OLA001
|b cze
|d BOA001
|
| 041 |
1 |
|
|a cze
|h eng
|
| 072 |
|
7 |
|a 821.111(73)-3
|x Americká próza
|2 Konspekt
|9 25
|
| 080 |
|
|
|a 821.111(73)-31
|2 MRF
|
| 080 |
|
|
|a (0:82-312.4)
|2 MRF
|
| 100 |
1 |
|
|a Dun, David,
|d 1949-
|7 xx0225052
|4 aut
|
| 245 |
1 |
0 |
|a Na hraně /
|c David Dun ; [z anglického originálu přeložila Milada Suderová]
|
| 250 |
|
|
|a Vyd. 1.
|
| 260 |
|
|
|a Ostrava :
|b Domino,
|c 2003
|
| 300 |
|
|
|a 307 s. ;
|c 22 cm
|
| 500 |
|
|
|a Přeloženo z angličtiny
|
| 655 |
|
7 |
|a americké romány
|7 fd131796
|2 czenas
|
| 655 |
|
7 |
|a thrillery (romány)
|7 fd184206
|2 czenas
|
| 700 |
1 |
|
|a Suderová, Milada
|7 jn20010309284
|4 trl
|
| 765 |
0 |
|
|t At the adge
|9 Česky
|
| 856 |
4 |
1 |
|u http://www.digitalniknihovna.cz/mzk/uuid/uuid:7674f4c0-1f83-11e3-9319-005056827e51
|y Digitalizovaný dokument
|x NDK
|
| 910 |
|
|
|a BOA001
|b 2-1120.285
|
| 990 |
|
|
|a BK
|
| 996 |
6 |
|
|b 2610194895
|c 2-1120.285
|l MZK
|r Sklad / do 1 hodiny
|n 2
|p p.v.
|w 000675736
|u 000010
|a 1
|e BOA001
|j MZK50
|s P
|